Страны, которые посещал Майкл Джексон с концертами - Statistics

General Stats
  • This quiz has been taken 32 times
  • The average score is 38 of 44
Answer Stats
Год Страна % Correct
1988 Италия
100%
1988 Великобритания
100%
1988 Испания
100%
1993 Россия
100%
1993 Мексика
100%
1987 Япония
96%
1987 Австралия
96%
1988 Соединённые Штаты Америки
96%
1988 Швеция
96%
1988 Германия
96%
1988 Франция
96%
1992 Норвегия
96%
1992 Дания
96%
1992 Португалия
96%
1993 Бразилия
96%
1996 Чехия
96%
1996 Республика Корея
96%
1996 Индия
96%
1997 Финляндия
96%
1988 Австрия
91%
1988 Швейцария
91%
1988 Ирландия
91%
1993 Турция
91%
1996 Венгрия
91%
1996 Польша
91%
1988 Нидерланды
87%
1988 Бельгия
87%
1993 Израиль
87%
1993 Аргентина
87%
1993 Чили
87%
1996 Новая Зеландия
87%
1997 Эстония
87%
1992 Румыния
78%
1996 Монако
78%
1997 Люксембург
78%
1993 Таиланд
74%
1996 Малайзия
74%
1997 Южно-Африканская Республика
74%
1993 Сингапур
70%
1996 Филиппины
61%
1993 Тайвань
52%
1998 Багамские острова
43%
1996 Бруней
39%
1996 Тунис
39%
No matching quizzes found
Score Distribution
Percent of People with Each Score
Percentile by Number Answered
Your Score History
You have not taken this quiz